Are the contracts working together? (Record no. 117326)
[ view plain ]
| 000 -LEADER | |
|---|---|
| fixed length control field | 01232cam a2200229 4500 |
| 001 - CONTROL NUMBER | |
| control field | ABS67695 |
| 008 - FIXED-LENGTH DATA ELEMENTS--GENERAL INFORMATION | |
| fixed length control field | 040507n2004 000 0 eng u |
| 035 ## - SYSTEM CONTROL NUMBER | |
| System control number | (Sirsi) u126143 |
| 100 ## - MAIN ENTRY--PERSONAL NAME | |
| Personal name | Robinson, M. |
| 245 ## - TITLE STATEMENT | |
| Title | Are the contracts working together? |
| 260 ## - PUBLICATION, DISTRIBUTION, ETC. | |
| Date of publication, distribution, etc. | 2004 |
| 490 ## - SERIES STATEMENT | |
| Series statement | Estates Gazette |
| Volume/sequential designation | (0416) 17 April 2004, 102-104(3) |
| 520 ## - SUMMARY, ETC. | |
| Summary, etc. | Advises that using a development monitor in order to avoid problems between contractors, architects, planners and banks on a project. States that such a monitor involves detailed assessment of all documents, checking consents and ensuring that the borrower is building enough square feet needed to support the valuation used for the advance. Suggests thatmonitors need to look at other issues, beyond costs, which could hamper a project. Remarks that the aim is to foresee any problems and work closely with the development team and its advisers to ensure a project goes to plan and finishes on time, at cost and at the correct quality. |
| 590 ## - LOCAL NOTE (RLIN) | |
| Local note | ABS |
| 590 ## - LOCAL NOTE (RLIN) | |
| Local note | ABS |
| 650 ## - SUBJECT ADDED ENTRY--TOPICAL TERM | |
| Topical term or geographic name entry element | DEVELOPMENT MONITORING |
| 650 ## - SUBJECT ADDED ENTRY--TOPICAL TERM | |
| Topical term or geographic name entry element | PROJECT COORDINATION |
| 650 ## - SUBJECT ADDED ENTRY--TOPICAL TERM | |
| Topical term or geographic name entry element | DEVELOPMENT TEAM |
| 650 ## - SUBJECT ADDED ENTRY--TOPICAL TERM | |
| Topical term or geographic name entry element | PROJECT COSTS |
| 690 ## - LOCAL SUBJECT ADDED ENTRY--TOPICAL TERM (OCLC, RLIN) | |
| Topical term or geographic name as entry element | BUILDING AND CONSTRUCTION-PROJECTS |
| 942 ## - ADDED ENTRY ELEMENTS (KOHA) | |
| Suppress in OPAC | 0 |
| Withdrawn status | Lost status | Source of classification or shelving scheme | Damaged status | Not for loan | Home library | Current library | Shelving location | Date acquired | Total Checkouts | Full call number | Barcode | Date last seen | Copy number | Price effective from | Koha item type |
|---|---|---|---|---|---|---|---|---|---|---|---|---|---|---|---|
| Dewey Decimal Classification | London | London | Journal article | 07/05/2004 | ABS67695 | 126143-1001 | 06/08/2019 | 1 | 06/08/2019 | Journal article |